000
00335nam a2200157Ia 4500
005
20250425161141.0
008
250425s9999 xx 000 0 und d
041
_a
spa
082
_a
IBM4381
245
0
_a
GACETA MUSICAL
250
_a
1A ED.
260
_a
Ecuador
_b
S.E.
_c
1900
260
_a
S.L.
942
_c
01
010
_a
13808
999
_c
203415
_d
203415